| 000 | 00373 a2200109 4500 | ||
|---|---|---|---|
| 001 | ART_48532 | ||
| 005 | 20260410161944.0 | ||
| 008 | 260409a | ||
| 245 | 1 | 0 | _aImpacto de las nuevas tecnologías de la información y comunicación en el derecho del trabajo |
| 100 | 1 | _aDuarte, David | |
| 773 | 0 |
_tTemas de derecho laboral _g- N° 3 (mar. 2019) _wREV27619 |
|
| 999 |
_c29769 _d29769 |
||